000 00344nam a2200145Ia 4500
008 230312s9999||||xx |||||||||||||| ||und||
020 _a9789699739392
082 _a891.4
_bBMK-M
100 _aبی.ایم.کُٹی
245 0 _aمقصدِ سیا ست
260 _bJamhori
_apak
_c2015
300 _a215
650 _aLiterature
942 _cBK
999 _c14865
_d14865